| 000 | 00675nam a2200217 a 4500 | ||
|---|---|---|---|
| 001 | 000004616 | ||
| 005 | 20200929151454.0 | ||
| 008 | 090724s2007 ko c 000 0 eng d | ||
| 020 | _a9781565912458 | ||
| 040 |
_aDO-SdBNP _beng _cBNPHU |
||
| 082 |
_axxxx _bS525s |
||
| 100 | 1 |
_aShaffer, David E. _913462 |
|
| 245 | 1 | 0 |
_aSeasonal customs of Korea / _cDavid E. Shaffer. |
| 260 |
_aSeúl, Korea : _bHollym, _c2007. |
||
| 300 |
_a207 p. : _bretrs. ; _c25 cm. |
||
| 490 | 1 |
_aKorean culture _vv. 7 |
|
| 500 | _aIncluye datos biográficos del autor en el chaleco | ||
| 500 | _aIncluye índice | ||
| 504 | _aIncluye bibliografías (p. 195) | ||
| 830 | 0 |
_aKorean culture _nno. 7 _913463 |
|
| 999 |
_c4424 _d4424 |
||